000 00339nam a22001337a 4500
008 170809b xxu||||| |||| 00| 0 eng d
020 _a0314205543
041 _aeng
080 _23RD
_a004
100 _a35
101 _aSHK
245 _aFUNDAMENTALS OF PASCAL UNDERSTANDING PROGRAMMING AND PROBLEM SOLVING
_cNANCE,D.W
942 _2udc
_cBK
999 _c22937
_d22937